000 00462nam a22001697a 4500
003 CEME
005 20210628203921.0
008 210308b xxu||||| |||| 00| 0 eng d
020 _a0-87891-542-7
040 _c.
082 _a629.8 PRO'S
100 _aFogil, M.D
_967843
245 _aProblem solver in automatic control system robotics , staff of reasearch and education association
260 _aNEWYORK
_bREA
_c1983
300 _a1076P
942 _cBK
_2ddc
999 _c575535
_d575535